The Haft paikar (The seven beauties) : (Record no. 21860)
[ view plain ]
| 000 -LEADER | |
|---|---|
| fixed length control field | 01018nam a2200253 a 4500 |
| 001 - CONTROL NUMBER | |
| control field | 21860 |
| 003 - CONTROL NUMBER IDENTIFIER | |
| rucl marc code | BD-RjUL |
| 005 - DATE AND TIME OF LATEST TRANSACTION | |
| control field | 20260208153109.0 |
| 008 - FIXED-LENGTH DATA ELEMENTS--GENERAL INFORMATION | |
| fixed length control field | 140305s1924 enk 000 0 eng d |
| 035 ## - SYSTEM CONTROL NUMBER | |
| System control number | (BD-RjUL)21860 |
| 040 ## - CATALOGING SOURCE | |
| Original cataloging agency | DLC |
| Transcribing agency | OCl |
| Modifying agency | DLC |
| -- | BD-RjUL |
| Language of cataloging | eng |
| 041 1# - LANGUAGE CODE | |
| Language code of text/sound track or separate title | engper |
| 082 00 - DEWEY DECIMAL CLASSIFICATION NUMBER | |
| Classification number | 891.5 |
| Author mark and year | NIH V-1 1924 |
| 100 1# - MAIN ENTRY--PERSONAL NAME | |
| Personal name | Nizāmī, Ganjavī, |
| Dates associated with a name | 1140 or 1141-1202 or 1203. |
| 9 (RLIN) | 67488 |
| 245 14 - TITLE STATEMENT | |
| Title | The Haft paikar (The seven beauties) : |
| Remainder of title | Containing the life and adventures of King Bahrām Gūr, and the seven stories told him by his seven queens / |
| Statement of responsibility, etc. | By Nizāmī of Ganja. Translated from the Persian, with a commentary, by C. E. Wilson. |
| Number of part/section of a work | Volume 1 : |
| Name of part/section of a work | Translation |
| 260 ## - PUBLICATION, DISTRIBUTION, ETC. (IMPRINT) | |
| Place of publication, distribution, etc. | London : |
| Name of publisher, distributor, etc. | A. Probsthain, |
| Date of publication, distribution, etc. | 1924. |
| 300 ## - PHYSICAL DESCRIPTION | |
| Pagination | v. ; |
| Size | 19 cm. |
| 490 0# - SERIES STATEMENT | |
| Series statement | Probsthain's oriental series, vol. XII-XIII |
| 505 0# - FORMATTED CONTENTS NOTE | |
| Formatted contents note | Vol. I Translation --Vol. II Commentary. |
| 600 00 - SUBJECT ADDED ENTRY--PERSONAL NAME | |
| Personal name | Bahrām |
| Titles and other words associated with a name | King of Iran, |
| Dates associated with a name | -438. |
| 700 1# - ADDED ENTRY--PERSONAL NAME | |
| Personal name | Wilson, Charles Edward, |
| Dates associated with a name | 1858- |
| Relator term | tr. |
| 942 ## - ADDED ENTRY ELEMENTS (KOHA) | |
| Source of classification or shelving scheme | Dewey Decimal Classification |
| Koha item type | Books |
| Lost status | Source of classification or shelving scheme | Damaged status | Not for loan | Collection code | Permanent Location | Current Location | Shelving location | Date acquired | Source of acquisition | Total Checkouts | Full call number | Date last seen | Copy number | Koha item type | Cost, normal purchase price |
|---|---|---|---|---|---|---|---|---|---|---|---|---|---|---|---|
| Dewey Decimal Classification | Non-fiction | Central Library, University of Rajshahi | Central Library, University of Rajshahi | 23/12/1963 | M. Ashrat Lahore Gift | 891.5 NIH V-1 1924 | 05/03/2014 | C-2 | Books | ||||||
| Dewey Decimal Classification | Not For Loan | Non-fiction | Central Library, University of Rajshahi | Central Library, University of Rajshahi | Reading Room | 23/02/1957 | Feroz sons | 891.5 NIH V-1 1924 | 08/02/2026 | C-1 | Books | 21.00 | |||
| Dewey Decimal Classification | Not For Loan | Non-fiction | Central Library, University of Rajshahi | Central Library, University of Rajshahi | Reading Room | 23/12/1963 | M. Ashraf | 891.5 NIH V-2 1924 | 08/02/2026 | C-1 | Books |